Modern economic development and socio-cultural crisis in India / (Record no. 24907)

MARC details
000 -LEADER
fixed length control field 00762nam a22002057a 4500
008 - FIXED-LENGTH DATA ELEMENTS--GENERAL INFORMATION
fixed length control field 090305t xxu||||| |||| 00| 0 eng d
010 ## - LCCN (DPL NO)
LC control number ENG-93099
020 ## - INTERNATIONAL STANDARD BOOK NUMBER
Terms of availability 200.00
035 ## - SYSTEM CONTROL NUMBER
System control number EN-76632
037 ## - SOURCE OF ACQUISITION
Source of stock number/acquisition DBAD / PUB
040 ## - CATALOGING SOURCE
Original cataloging agency dpl
Language of cataloging English
082 ## - DEWEY DECIMAL CLASSIFICATION NUMBER
Classification number 338.954
100 ## - MAIN ENTRY--PERSONAL NAME
Personal name Pandey, Shridhar
245 ## - TITLE STATEMENT
Title Modern economic development and socio-cultural crisis in India /
Statement of responsibility, etc by Shridhar Pandey
260 ## - PUBLICATION, DISTRIBUTION, ETC. (IMPRINT)
Place of publication, distribution, etc Patna
Name of publisher, distributor, etc Moti Lal Banarasi Das
Date of publication, distribution, etc 2005
270 ## - ADDRESS
Address Chawhatta
City Patna
Postal code 800004
300 ## - PHYSICAL DESCRIPTION
Extent 116p.
Dimensions 20cm (pbk)
942 ## - ADDED ENTRY ELEMENTS (KOHA)
Source of classification or shelving scheme Dewey Decimal Classification
Item type English Books
Call number suffix PAN
Classification part 338.954
Holdings
Withdrawn status Lost status Source of classification or shelving scheme Damaged status Not for loan Collection code Home library Current library Date acquired Source of acquisition Cost, normal purchase price Total Checkouts Full call number Barcode Date last seen Copy number Cost, replacement price Koha item type
    Dewey Decimal Classification   Not For Loan Non-fiction D.B.Act.Division D.B.Act.Division 05/03/2009 DBAD / PUB 200.00   338.954 PAN EN-76632 05/03/2009 1 200.00 English Books

© Delhi Public Library
Hit Counter
free hit counter